De la place de l'homme dans la nature / (Record no. 155809)

MARC details
000 -LEADER
campo de control de longitud fija 01162nam a22002415i 4500
001 - NÚMERO DE CONTROL
campo de control 155809
003 - IDENTIFICADOR DE NÚMERO DE CONTROL
campo de control ES-MaACL
005 - FECHA Y HORA DE LA ÚLTIMA TRANSACCIÓN
campo de control 20250727024452.0
008 - DATOS DE LONGITUD FIJA--INFORMACIÓN GENERAL
campo de control de longitud fija 001108s1868 fr a |||| | fre d
040 ## - FUENTE DE CATALOGACIÓN
Centro catalogador/agencia de origen CCPB | B
Lengua de catalogación spa
Centro/agencia transcriptor CCPB | B
100 1# - ENTRADA PRINCIPAL--NOMBRE DE PERSONA
Nombre de persona Huxley, Thomas Henry.
9 (RLIN) 64863
245 10 - MENCIÓN DEL TÍTULO
Título De la place de l'homme dans la nature /
Mención de responsabilidad, etc. par Th. H. Huxley ; traduit, annoté, précédé d'une introduction et suivi d'un compte rendu des travaux anthropologiques du Congrès International d'Anthropologie et d'Archéologie Préhistoriques tenu a Paris (Sesion de 1867) par E. Dally ; avec une préface de l'auteur pour l'édition française.
260 ## - PUBLICACIÓN, DISTRIBUCIÓN, ETC.
Lugar de publicación, distribución, etc. Paris :
Nombre del editor, distribuidor, etc. J.B. Baillière et Fils,
Fecha de publicación, distribución, etc. 1868 (
Fabricante Imp. Simon Raçon et Comp.)
300 ## - DESCRIPCIÓN FÍSICA
Extensión XX, 368 p. :
Otras características físicas il. ;
Dimensiones 23 cm.
599 #1 - NOTA A LAS ILUSTRACIONES
NOTA A LAS ILUSTRACIONES Las il. son dib. de simios y cráneos.
650 #7 - PUNTO DE ACCESO ADICIONAL DE MATERIA--TÉRMINO DE MATERIA
Término de materia o nombre geográfico como elemento de entrada Antropología física
Fuente del encabezamiento o término embne
9 (RLIN) 9893
700 1# - ENTRADA AGREGADA--NOMBRE PERSONAL
Nombre de persona Dally, E.
9 (RLIN) 126691
711 21 - ENTRADA AGREGADA--NOMBRE DE REUNIÓN
Nombre de congreso/reunión o jurisdicción como elemento de entrada Congrès International d´Anthropologie et d´Archéologie Préhistoriques (
Fecha del congreso o de la firma del tratado 1867.
Sede del congreso/Lugar de la reunión París)
9 (RLIN) 135114
852 ## - LOCALIZACIÓN
Ubicación ES-MaACL
Número de control de estantería D-5007
Nota libre -- Enc. hol.
852 ## - LOCALIZACIÓN
Ubicación ES-MaACL
Número de control de estantería G-9980
Holdings
Estatus retirado Estado de pérdida Estado de daño No para préstamo Colección Biblioteca de origen Biblioteca actual Ubicación en estantería Fecha de adquisición Fuente de adquisición Total de préstamos Signatura topográfica completa Código de barras Visto por última vez Precio de reemplazo Tipo de ítem Koha
        Libros del s. XIX Biblioteca del Ateneo de Madrid Biblioteca del Ateneo de Madrid Sala Pecera Planta 3 25/08/2015     G-9980 1194075 23/02/2023 23/02/2023 Libro impreso antiguo
        Libros del s. XIX Biblioteca del Ateneo de Madrid Biblioteca del Ateneo de Madrid Sala Valle Inclán 17/01/2008     D-5007 901162985 23/02/2023 23/02/2023 Libro impreso antiguo